All Independent Cities of America - Statistics

General Stats
  • This quiz has been taken 12 times
  • The average score is 42 of 59
Answers on the Map
Answers color-coded by a green-red scale on the quiz's map according to % correct below.
 
Answer Stats
Answer % Correct
Richmond (Staten Island)
100%
Richmond VA
100%
San Francisco
100%
Alexandria
89%
Anchorage
89%
Bronx
89%
Carson City
89%
Denver
89%
District of Columbia
89%
Juneau
89%
Kings (Brooklyn)
89%
New York (Manhattan)
89%
Norfolk
89%
Orleans Parish
89%
Philadelphia
89%
Queens
89%
Virginia Beach
89%
Arlington
78%
Baltimore
78%
Charlottesville
78%
Chesapeake
78%
Nantucket
78%
Newport News
78%
Roanoke
78%
St. Louis
78%
Williamsburg
78%
Broomfield
67%
Danville
67%
Falls Church
67%
Galax
67%
Harrisonburg
67%
Lynchburg
67%
Manassas
67%
Martinsville
67%
Petersburg
67%
Sitka
67%
Suffolk
67%
Waynesboro
67%
Bristol
56%
Buena Vista
56%
Colonial Heights
56%
Covington
56%
Emporia
56%
Fairfax
56%
Franklin
56%
Fredericksburg
56%
Hopewell
56%
Lexington
56%
Manassas Park
56%
Norton
56%
Poquoson
56%
Portsmouth
56%
Salem
56%
Skagway
56%
Staunton
56%
Winchester
56%
Wrangell
56%
Yakutat
56%
Radford
44%
No matching quizzes found
Score Distribution
Percent of People with Each Score
Percentile by Number Answered
Your Score History
You have not taken this quiz